00974nam a2200265 i 4500001000700000003000900007005001700016008003900033020002200072080002100094100002700115245008500142250001200227260003400239300002200273490001100295594004600306700003600352830001900388852009100407903003800498942002000536999001900556952013300575190642ES-MaACL20240125134409.0220228s2015 sp 001 f spa a978-84-15497-73-8 a821.131.1-31"19"1 aLeoni, Giulio.917424613aEl testamento del papa / cGiulio Leoni ; [traducción, Miguel Ros González]. a1ª ed. aSevilla : bBóveda, c2015. a454 p. ; c23 cm.1 aNovela aTítulo original: Il testamento del papa1 aRos González, Miguel.91742471 aNovela91798934 aES-MaACLjA-149059197821bR.152288cDEPO1dOlim: N-7905hDonación: José Lázaro  9234219aLázaro García, José 2udccMONOGRAFIA c190642d190642 00102udc4070aATENEOMbATENEOMcDEPO1d2022-02-28eDONACIONl0oA-14905p1202862r2023-02-23 00:00:00w2023-02-23yMONOGRAFIA